[Event "DEN-ch Seniors 65+"]
[Site "Odder"]
[Date "2019.02.12"]
[Round "2"]
[White "Larsen, Arne Walther"]
[Black "Larsen, Jorgen Rene"]
[Result "1/2-1/2"]
[WhiteElo "1752"]
[BlackElo "1719"]
[PlyCount "44"]
[EventDate "2019.02.11"]
[EventType "swiss"]
[EventRounds "7"]
[EventCountry "DEN"]
[SourceTitle "CBM 189 Extra"]
[Source "ChessBase"]
[SourceDate "2019.06.03"]
[SourceVersion "1"]
[SourceVersionDate "2019.06.03"]
[SourceQuality "1"]

1. Nf3 Nf6 2. g3 g6 3. c4 Bg7 4. Nc3 c6 5. Bg2 0-0 6. 0-0 d5 7. cxd5 Nxd5 8. d4 Bf5 9. Ne5 Nxc3 10. bxc3 Bxe5 11. dxe5 Qa5 12. e4 Be6 13. f4 Bc4 14. Rf3 Rd8 15. Qc2 Qa6 16. Bf1 Nd7 17. Be3 Bxf1 18. Rfxf1 e6 19. Rfd1 Nb6 20. Bxb6 Qxb6+ 21. Kg2 c5 22. Rab1 Qc7 1/2-1/2

[Event "DEN-ch Seniors 65+"]
[Site "Hvidovre"]
[Date "2018.02.12"]
[Round "1"]
[White "Larsen, Jorgen Rene"]
[Black "Hartung Nielsen, Jens"]
[Result "0-1"]
[WhiteElo "1779"]
[BlackElo "2217"]
[PlyCount "68"]
[EventDate "2018.02.12"]
[EventType "swiss"]
[EventRounds "7"]
[EventCountry "DEN"]
[SourceTitle "EXT 2020"]
[Source "ChessBase"]
[SourceDate "2019.10.17"]
[SourceVersion "1"]
[SourceVersionDate "2019.10.17"]
[SourceQuality "1"]

1. g3 c5 2. Bg2 g6 3. c4 Bg7 4. Nc3 Nc6 5. Bxc6 bxc6 6. d3 d6 7. Bd2 e5 8. Qa4 Ne7 9. Rb1 0-0 10. e4 f5 11. Nge2 Be6 12. f4 d5 13. fxe5 fxe4 14. Nf4 Bf5 15. dxe4 dxe4 16. Be3 Bxe5 17. Rd1 Qb6 18. Qc2 Bd4 19. Qe2 Rad8 20. 0-0 Qb4 21. g4 Bxg4 22. Qxg4 Bxe3+ 23. Kg2 Qxb2+ 24. Nce2 Bxf4 25. Rxd8 Rxd8 26. Rxf4 Rd6 27. Rxe4 Nf5 28. Qf3 Rd4 29. Qc3 Qxa2 30. Qf3 Nh4+ 31. Rxh4 Rxh4 32. Kg3 Qxc4 33. h3 Re4 34. Nc3 Rd4 0-1